Political and social inquiry (Record no. 18084)

MARC details
000 -LEADER
fixed length control field 00322nam a2200133Ia 4500
082 ## - DEWEY DECIMAL CLASSIFICATION NUMBER
Classification number 300.1 MCG-;
100 ## - MAIN ENTRY--AUTHOR NAME
Personal name McGaw, Dickinson
245 #0 - TITLE STATEMENT
Title Political and social inquiry
260 ## - PUBLICATION, DISTRIBUTION, ETC. (IMPRINT)
Place of publication New York
Name of publisher John Wiley
Year of publication 1976
300 ## - PHYSICAL DESCRIPTION
Number of Pages 496p.
650 ## - SUBJECT ADDED ENTRY--TOPICAL TERM
Topical Term Social sciences - Methodology
700 ## - ADDED ENTRY--PERSONAL NAME
Personal name Watson, George
942 ## - ADDED ENTRY ELEMENTS (KOHA)
Koha item type Books
Holdings
Withdrawn status Lost status Damaged status Not for loan Home library Current library Date acquired Full call number Accession Number Price effective from Koha item type
        NASSDOC Library NASSDOC Library 08/06/2004 300.1 MCG-; 8648 18/04/2019 Books